00735nam a2200241 a 4500001001300000003000900013005001700022008004100039020000900080082001700089100002500106245008100131260005400212300000900266500003500275505001000310650002200320700002500342902000800367942000700375952009600382999001500478nice12345678IN_TiNIC20260116011740.0050524s1974 hyda grp 000 0 eng  ac1000a297.63bHAM4 aHamidullah, Muhammad aMuhammad Rasulullahb a Concise Survey of the Life and Work of the Founder o aHyderabad bMarkazi Anjuman Taleemus Salat c1974 a197p aincludes index and biblioraphy2 aIndex aMuhammad, Prophet1 aHamidullah, Muhammad bSRS cBK 00104070aHMIbHMId2007-07-10g10.00l0o297.63 HAM4p07331r2007-07-10w2026-01-16yEB c3680d3680